Papier alebo plast. Obal má chrániť, nie škodiť

Na celom svete možno sledovať trend, ktorý vedie k bezpečnosti potravín a sleduje najnovšie možnosti, ako obaliť a uchovať potraviny tak, aby si zachovali čerstvosť a kvalitu, pričom sa argumentuje aj maximálnou ochranou zdravia spotrebiteľa. Legislatívu zaručuje Európska komisia. Základné legislatí...

Descrizione completa

Salvato in:
Dettagli Bibliografici
Autore principale: Syčová, Milada
Natura: Capitolo di libro
Lingua:slovacco
Soggetti:
Tags: Aggiungi Tag
Nessun Tag, puoi essere il primo ad aggiungerne!!

MARC

LEADER 00000naa a2200000 4500
001 0194746
005 20231109070917.2
041 0 |a slo 
044 |a SK 
245 1 0 |a Papier alebo plast. Obal má chrániť, nie škodiť  |c Milada Syčová 
520 |a Na celom svete možno sledovať trend, ktorý vedie k bezpečnosti potravín a sleduje najnovšie možnosti, ako obaliť a uchovať potraviny tak, aby si zachovali čerstvosť a kvalitu, pričom sa argumentuje aj maximálnou ochranou zdravia spotrebiteľa. Legislatívu zaručuje Európska komisia. Základné legislatívne predpisy. 
610 2 0 |a potraviny 
610 2 0 |a obaly 
610 2 0 |a legislatíva 
610 2 0 |a Európska únia 
100 1 |a Syčová, Milada